书目信息 |
| 题名: |
杨家将演义
|
|
| 作者: | ||
| 分册: | ||
| 出版信息: | 杭州 浙江人民出版社 1980 |
|
| 页数: | 244页 | |
| 开本: | 19cm | |
| 丛书名: | ||
| 单 册: | ||
| 中图分类: | I242.43 , I242.4 | |
| 科图分类: | ||
| 主题词: | 古典小说--中国--古代 , 章回小说--中国--古代 , 长篇小说--中国--古代 | |
| 电子资源: | ||
| ISBN: | ||
| 000 | 00684nam0 2200265 45 | |
| 001 | 0180008507 | |
| 005 | 20040419103820.7 | |
| 010 | @dCNY0.61 | |
| 091 | @a10103.168 | |
| 100 | @a19950608d1980 em y0chiy0121 ea | |
| 101 | 0 | @achi |
| 102 | @aCN@b330000 | |
| 105 | @ay z 000ay | |
| 106 | @ar | |
| 200 | 10 | @a杨家将演义@Ayang jia jiang yan yi |
| 210 | @a杭州@c浙江人民出版社@d1980 | |
| 215 | @a244页@d19cm | |
| 606 | @a古典小说@y中国@z古代 | |
| 606 | @a章回小说@y中国@z古代 | |
| 606 | @a长篇小说@y中国@z古代 | |
| 690 | @aI242.43@v3 | |
| 690 | @aI242.4 | |
| 801 | 0 | @aCN@b上海图书馆@c20040419 |
| 801 | 2 | @aCN@bNLC@c20040419 |
| 905 | @f2@b30903-904@f1@b34381@dI242.4@e69 | |
| 杨家将演义.-杭州:浙江人民出版社,1980 |
| 244页;19cm |
| ISBN :CNY0.61 |
| ● |
| 相关链接 |
|
|
|
|
正题名:杨家将演义
索取号:I242.4/69
 
预约/预借
| 序号 | 登录号 | 条形码 | 馆藏地/架位号 | 状态 | 备注 |
| 1 | 0030903 | 000110908 | 第二借阅区/ [索取号:I242.4/69] | 在馆 | |
| 2 | 0030904 | 000110917 | 第二借阅区/ [索取号:I242.4/69] | 在馆 | |
| 3 | 0030906 | 000110980 | 第二借阅区/ [索取号:I242.4/69] | 在馆 | |
| 4 | 0030907 | 000110944 | 第二借阅区/ [索取号:I242.4/69] | 在馆 | |
| 5 | 0030910 | 000110926 | 第二借阅区/ [索取号:I242.4/69] | 在馆 | |
| 6 | 0030912 | 000111836 | 第二借阅区/ [索取号:I242.4/69] | 在馆 | |
| 7 | 0031629 | 000110971 | 第二借阅区/ [索取号:I242.4/69] | 在馆 | |
| 8 | 0031630 | 000110935 | 第一样本阅览室/ [索取号:I242.4/69] | 在馆 | |
| 9 | 0031631 | 000110953 | 第二借阅区/ [索取号:I242.4/69] | 在馆 | |
| 10 | 0034379 | 000110962 | 第二借阅区/ [索取号:I242.4/69] | 在馆 | |
| 11 | 0034381 | 000111845 | 第二借阅区/ [索取号:I242.4/69] | 在馆 | |
| 12 | 0034382 | 000110891 | 第二借阅区/ [索取号:I242.4/69] | 在馆 |